ბათუმის შოთა რუსთაველის სახელმწიფო უნივერსიტეტის ბიბლიოთეკა

Kommunikation in sozialen und medizinischen Berufen : (ბიბ.ჩანაწერი № 50248)

000 -LEADER
fixed length control field 00870nam a2200229Ia 4500
001 - CONTROL NUMBER
control field 17186
003 - CONTROL NUMBER IDENTIFIER
control field GE_BSU
005 - DATE AND TIME OF LATEST TRANSACTION
control field 20200203160745.0
008 - FIXED-LENGTH DATA ELEMENTS--GENERAL INFORMATION
fixed length control field 181216s2005ge xx |||||||||||||| ||ger||
020 ## - INTERNATIONAL STANDARD BOOK NUMBER
International Standard Book Number ISBN- 978-3464212325
040 ## - CATALOGING SOURCE
Transcribing agency GE_BSU
080 ## - UNIVERSAL DECIMAL CLASSIFICATION NUMBER
Universal Decimal Classification number 811.112+61 H-66
100 ## - MAIN ENTRY--PERSONAL NAME
Personal name Hillerich,Dorothea Lévy
9 (RLIN) 6719
245 ## - TITLE STATEMENT
Title Kommunikation in sozialen und medizinischen Berufen :
Remainder of title Kursbuch /
Statement of responsibility, etc. Dorothea Lévy Hillerich ; Red : monika veldenz-dunne,robert fallenstein...
264 ## - PRODUCTION, PUBLICATION, DISTRIBUTION, MANUFACTURE, AND COPYRIGHT NOTICE
Place of production, publication, distribution, manufacture Munchen :
Name of producer, publisher, distributor, manufacturer FRAUS Cornelesan,
Date of production, publication, distribution, manufacture, or copyright notice 2005.
300 ## - PHYSICAL DESCRIPTION
Extent 135 p.:
Other physical details ill.:
Dimensions 25 cm.
Accompanying material +CD-ROM
653 ## - INDEX TERM--UNCONTROLLED
keyword Kommunikation in sozialen und medizinischen Berufen
653 ## - INDEX TERM--UNCONTROLLED
keyword გერმანული ენა
700 ## - ADDED ENTRY--PERSONAL NAME
Personal name veldenz-dunne, monika
Relator term რედაქტორი
9 (RLIN) 6720
700 ## - ADDED ENTRY--PERSONAL NAME
Personal name fallenstein, robert
Relator term რედაქტორი
9 (RLIN) 6721
942 ## - ADDED ENTRY ELEMENTS (KOHA)
Koha item type წიგნი
Source of classification or shelving scheme
ეგზემპლარები
Withdrawn status Lost status Source of classification or shelving scheme Damaged status Not for loan Permanent Location Current Location Shelving location Date acquired Cost, normal purchase price Full call number Barcode Date last seen Copy number Price effective from Koha item type Public note
          ბათუმის შოთა რუსთაველის სახელმწიფო უნივერსიტეტის მთავარი ბიბლიოთეკა ბათუმის შოთა რუსთაველის სახელმწიფო უნივერსიტეტის მთავარი ბიბლიოთეკა წიგნსაცავი 2018-12-17 69.00 811.112+61 H-66 45224 2018-12-17 45224 2018-12-17 წიგნი 69 gel.